Регионална библиотека "Любен Каравелов" - Русе

Бездомник в нощта (Запис номер 11417)

MARC детайли
000 -Лидер
Контролно поле с фиксирана дължина 02029nam a2200373 c 4500
003 - Код на организацията, давaща контролен номер
Контролно поле BLK
005 - Дата и час на последна редакция
Контролно поле 20250704092705.0
008 - Елементи от данни с фиксирана дължина
fixed length control field 180412b bul|||||r ||||||| ||bul||
010 ## - Наследен системен номер
LC control number KNG00012956000
020 ## - Международен стандартен номер на книга ISBN
Международен стандартен номер на книга ISBN 954-8152-15-0
-- издат.: Стрелец
040 ## - Източник на каталожния запис
Идентификатор на билиотеката - собственик на записа BLK
041 ## - Код за език
Код за езика на текст/звукозапис или на отделно заглавие Български
Код за езика КДБФ Български
080 ## - УДК
Текстов определител УДК Българска литература
УДК код - определител по УДК 821.163.2
УДК определител (092)
УДК - код + определител 821.163.2(092)
080 ## - УДК
Текстов определител УДК Българска литература
УДК код - определител по УДК 821.163.2
УДК определител -1
УДК - код + определител 821.163.2-1
080 ## - УДК
Текстов определител УДК Български поет
УДК код - определител по УДК 929 Дебелянов, Димчо Вельов
УДК определител
УДК - код + определител 929 Дебелянов, Димчо Вельов
100 1# - Редна дума - Автор
Автор Русалиев, Владимир
Авторска отговорност първи автор
Автор - информация (биография) Пенков, Ангел Маринов
R(LIN) 117419
139 ## - Редно поле
Редна дума Русалиев, Владимир
Авторски знак Рус - Р 93
245 10 - Сведения за заглавието
Заглавие Бездомник в нощта
Подзаглавни данни Животът, любовта и смъртта на Димчо Дебелянов
Редно поле (дума) Владимир Русалиев; съавт. Луко Захариев.
250 ## - Област на изданието
Сведения за изданието [5. изд.]
257 ## - Страна на издаване
Страна на създаване/издаване България
260 ## - Област на издателските данни
-- София
Име на издателя, разпространителя и проч. Стрелец
Година на издаване 1996
300 ## - Физическа характеристика
Страници 276 с.
Илюстрации и др. с ил., факс.
Размери/Мащаб 19 см
380 ## - Жанр
Жанр Худож. лит.
490 1# - СЕРИИ (Колекции)
Име на серия Библиотека Вечни спътници
500 ## - Общи забележки
Забележка Владимир Русалиев - псевд. на Ангел Маринов Пенков ; Пълното име на авт. на предг. е Луко Захариев Цончев 1 изд. 1936 със загл. Животът, любовта и смъртта на Димчо Дебелянов изд. на Д. Чилингиров. - 2 250 тир.
650 #4 - Допълнително описание по предмет – тема
Основно описание – тема или топоним Поети, български
9 (RLIN) 241945
700 ## - Други автори (авторска отговорност)
Лично име Захариев, Луко
Дати, свързани с автора 1945-2005
Друга информация журналист
Пълна форма на името Цончев, Луко Захариев
9 (RLIN) 244812
852 ## - Местоположение
Форматна сигнатура Цб 185185
856 4# - Електронен адрес и достъп
Електронен формат pdf - файл
Път до файла /url/
856 4# - Електронен адрес и достъп
Електронен формат pdf - файл
Път до файла /url/
942 ## - АРТИКУЛИ
Вид на библиотечния материал Книги
Скрит в OPAC Не
Koha issues (borrowed), all copies 1
944 ## - СЪЗДАВАНЕ И РЕДАКЦИЯ на ЗАПИСА
Създаване/Редакция Създаване
Дата на регистрацията/редакция 15.01.2003
Служител, извършил регистрацията/редакцията 30530
Статус, дата на статуса Минев Младен
944 ## - СЪЗДАВАНЕ И РЕДАКЦИЯ на ЗАПИСА
Създаване/Редакция Редакция
Дата на регистрацията/редакция 08.02.2018
Служител, извършил регистрацията/редакцията Теодора_Стоянова
999 ## - СИСТЕМНИ КОНТРОЛНИ НОМЕРА
Koha biblionumber 11417
Koha biblioitemnumber 11417
Наличности
Код за отписване Код за изгубен артикул Източник на класификационната схема Код за повреда Коз за рестрикции Код за отдаване Артикулен № Име на библиотеката - собственик Име на библиотеката, в която се намира в момента Статус (Текущо местоположение) Дата на вписване в системата Местоположение - отдел Цена в лева Инвентарен номер Систематично азбучна сигнатура Баркод Номер на екземпляра Цена в евро Служебен тип на артикула Служебна бележка
Изтеглен Не е изгубен Universal Decimal Classification Не е повреден без рестрикции заемане за дома 19796 Регионална библиотека "Любен Каравелов" Русе Регионална библиотека "Любен Каравелов" Русе Заемна - подръчен фонд 2001-01-01 Заемна - подръчен фонд 1.32 623726 П 821.163.2.09(092)/Д 31 623726 1 0.67 Книги  
  Не е изгубен Universal Decimal Classification Не е повреден без рестрикции заемане за дома 19797 Регионална библиотека "Любен Каравелов" Русе Регионална библиотека "Любен Каравелов" Русе Заемна - подръчен фонд 2001-01-01 Заемна - подръчен фонд 1.32 623727 П 821.163.2.09(092)/Д 31 120000623727 2 0.67 Книги Дата инв: 08.02.2018 Бележки инв: П2018
  Не е изгубен Universal Decimal Classification Не е повреден без рестрикции ползва се в читалня 19798 Регионална библиотека "Любен Каравелов" Русе Регионална библиотека "Любен Каравелов" Русе Хранилище 2001-01-01 Хранилище 1.32 624127 Цб 185185 120000624127 3 0.67 Книги  
Vip Innovations Ltd, Rousse, Bulgaria 2025